Largest U.S Cities if All the Ice Melted - With a Map - Statistics

General Stats
  • This quiz has been taken 729 times
  • The average score is 18 of 20
Answers on the Map
Answers color-coded by a green-red scale on the quiz's map according to % correct below.
 
Answer Stats
Hint Answer % Correct
644,644 Las Vegas
98%
2,705,994 Chicago
97%
1,345,047 Dallas
97%
1,660,272 Phoenix
96%
716,492 Denver
95%
964,254 Austin
94%
672,662 Detroit
94%
867,125 Indianapolis
94%
649,021 Oklahoma City
92%
669,053 Nashville
91%
682,669 El Paso
90%
892,533 Columbus
89%
592,025 Milwaukee
89%
650,618 Memphis
88%
1,532,233 San Antonio
88%
560,218 Albuquerque
87%
872,498 Charlotte
84%
895,008 Fort Worth
83%
620,118 Louisville
81%
545,975 Tucson
80%
No matching quizzes found
Score Distribution
Percent of People with Each Score
Percentile by Number Answered
Your Score History
You have not taken this quiz